00515nam a22001695i 450000100060000000300090000600500170001500700030003200800410003504000200007610000100009624500950010626000580020130000360025974000130029585200370030853409ES-MaACL20250819063042.0t|950925s1815 sp ||||1| lat d aCAM bspa cCAM0 aEsopo10aAesopi... et aliorum fabulae... b: iconibus in gratiam studiosae juventutis ilustratae... aMatriti : b[s.n.], c1815 (fPetrum Lopez & Fratrem) a324, [12] p. : bil. ; c14 cm.0 aFabulae. x aBA jR-2295 Olim: G-869